Normal view
MARC view
Entry Topical Term
001 - CONTROL NUMBER
- control field: 25320
003 - CONTROL NUMBER IDENTIFIER
- control field: OSt
005 - DATE AND TIME OF LATEST TRANSACTION
- control field: 20230606144732.0
008 - FIXED-LENGTH DATA ELEMENTS
- fixed length control field: 230606|| aca||aabn | a|a d
040 ## - CATALOGING SOURCE
- Original cataloging agency: OSt
- Transcribing agency: OSt
150 ## - HEADING--TOPICAL TERM
- Topical term or geographic name entry element: ပေႇတဝုတ်ႉထု၊ လင်ႇၵႃႇတႆး
670 ## - SOURCE DATA FOUND
- Source citation: Work cat.: (OSt): သူၺ်ႇၵျွင်း(မိူင်းယၢင်း)၊ ၶူးမေႃလိၵ်ႈလူင်၊ ၶိင်း။ 25319, ပေႇတတႃႇၼ ၼထိတႃႇၼ /, 2016 ။